Countries Closest to Vienna - One Minute Sprint - Statistics

General Stats
  • This quiz has been taken 53 times
  • The average score is 16 of 20
Answer Stats
km country miles % Correct
194 Germany 120
100%
212 Poland 132
95%
38 Slovakia 24
95%
464 Switzerland 288
95%
184 Croatia 114
93%
275 Italy 171
90%
149 Slovenia 92
90%
58 Czechia 36
88%
605 France 376
88%
52 Hungary 33
88%
329 Bosnia and Herzegovina 204
85%
519 Liechtenstein 323
83%
318 Serbia 197
83%
556 San Marino 345
73%
375 Romania 233
68%
427 Ukraine 266
65%
647 Kosovo 402
63%
657 Bulgaria 408
60%
556 Montenegro 345
60%
636 Belarus 295
50%
No matching quizzes found
Score Distribution
Percent of People with Each Score
Percentile by Number Answered
Your Score History
You have not taken this quiz